Счастливая ошибка: повести и рассказы о любви

Bibliografiske detaljer
Andre forfattere: Амирханов А. (иллюстратор)
Summary:Исключено из фонда НТБ ТПУ
Sprog:russisk
Udgivet: Пермь, Пермское книжное издательство, 1988
Format: MixedMaterials Bog
KOHA link:https://koha.lib.tpu.ru/cgi-bin/koha/opac-detail.pl?biblionumber=112854

MARC

LEADER 00000nam0a2200000 4500
001 112854
005 20231031121614.0
010 |a 5762501108 
035 |a (RuTPU)RU\TPU\book\122025 
090 |a 112854 
100 |a 20070403d1988 m y0rusy50 ca 
101 0 |a rus 
102 |a RU 
105 |a a z 000ay 
200 1 |a Счастливая ошибка  |e повести и рассказы о любви  |f худож. А. Амирханов 
210 |a Пермь  |c Пермское книжное издательство  |d 1988 
215 |a 463 с.  |c ил. 
333 |a Исключено из фонда НТБ ТПУ 
702 1 |a Амирханов  |b А.  |4 440 
801 1 |a RU  |b 63413507  |c 20070403  |g PSBO 
801 2 |a RU  |b 63413507  |c 20210325  |g PSBO 
942 |c BK